<?xml version="1.0" encoding="UTF-8"?>
<record
    xmlns:xsi="http://www.w3.org/2001/XMLSchema-instance"
    xsi:schemaLocation="http://www.loc.gov/MARC21/slim http://www.loc.gov/standards/marcxml/schema/MARC21slim.xsd"
    xmlns="http://www.loc.gov/MARC21/slim">

  <leader>01567cam a2200301 a 4500</leader>
  <controlfield tag="001">15529</controlfield>
  <controlfield tag="003">BD-RjUL</controlfield>
  <controlfield tag="005">20211208235833.0</controlfield>
  <controlfield tag="008">140210s1995    ilua     b    001 0 eng  </controlfield>
  <datafield tag="035" ind1=" " ind2=" ">
    <subfield code="a">(BD-RjUL)15584</subfield>
  </datafield>
  <datafield tag="040" ind1=" " ind2=" ">
    <subfield code="a">TOC</subfield>
    <subfield code="b">eng</subfield>
    <subfield code="c">TOC</subfield>
    <subfield code="d">XNTU</subfield>
    <subfield code="d">BD-RjUL</subfield>
  </datafield>
  <datafield tag="041" ind1=" " ind2=" ">
    <subfield code="a">eng</subfield>
  </datafield>
  <datafield tag="082" ind1="0" ind2="0">
    <subfield code="a">658.15</subfield>
    <subfield code="2">20</subfield>
    <subfield code="b">ANM 1995</subfield>
  </datafield>
  <datafield tag="100" ind1="1" ind2=" ">
    <subfield code="a">Anthony, Robert N.,</subfield>
    <subfield code="q">(Robert Newton),</subfield>
    <subfield code="d">1916-2006.</subfield>
    <subfield code="9">45844</subfield>
  </datafield>
  <datafield tag="245" ind1="1" ind2="0">
    <subfield code="a">Management control systems /</subfield>
    <subfield code="c">Robert N. Anthony, Vijay Govindarajan.</subfield>
  </datafield>
  <datafield tag="250" ind1=" " ind2=" ">
    <subfield code="a">6th ed.</subfield>
  </datafield>
  <datafield tag="260" ind1=" " ind2=" ">
    <subfield code="a">Chicago :</subfield>
    <subfield code="b">Irwin,</subfield>
    <subfield code="c">1995.</subfield>
  </datafield>
  <datafield tag="300" ind1=" " ind2=" ">
    <subfield code="a">xviii, 458 p. :</subfield>
    <subfield code="b">ill. ;</subfield>
    <subfield code="c">24 cm.</subfield>
  </datafield>
  <datafield tag="504" ind1=" " ind2=" ">
    <subfield code="a">Includes bibliographical references and index.</subfield>
  </datafield>
  <datafield tag="505" ind1="2" ind2=" ">
    <subfield code="a">1. The Nature of Management Control Systems -- 2. Behavior in Organizations -- 3. Responsibility Centers: Revenue and Expense Centers -- 4. Profit Centers -- 5. Transfer Pricing -- 6. Measuring and Controlling Assets Employed -- 7. Understanding Strategies -- 8. Strategic Planning -- 9. Budget Preparation -- 10. Management Control of Operations --11. Analyzing Performance Reports -- 12. Management Compensation -- 13. Controls for Differentiated Strategies -- 14. Service Organizations -- 15. Financial Service Organizations -- 16. Multinational Organizations -- 17. Management Control of Projects.</subfield>
  </datafield>
  <datafield tag="650" ind1=" " ind2="0">
    <subfield code="a">Industrial management.</subfield>
    <subfield code="9">48212</subfield>
  </datafield>
  <datafield tag="650" ind1=" " ind2="0">
    <subfield code="a">Industrial management</subfield>
    <subfield code="x">Case studies.</subfield>
    <subfield code="9">46234</subfield>
  </datafield>
  <datafield tag="650" ind1=" " ind2="0">
    <subfield code="a">Cost control.</subfield>
    <subfield code="9">48213</subfield>
  </datafield>
  <datafield tag="700" ind1="1" ind2=" ">
    <subfield code="a">Govindarajan, Vijay.</subfield>
    <subfield code="9">48214</subfield>
  </datafield>
  <datafield tag="942" ind1=" " ind2=" ">
    <subfield code="2">ddc</subfield>
    <subfield code="c">BK</subfield>
    <subfield code="0">1</subfield>
  </datafield>
  <datafield tag="999" ind1=" " ind2=" ">
    <subfield code="c">15529</subfield>
    <subfield code="d">15529</subfield>
  </datafield>
  <datafield tag="952" ind1=" " ind2=" ">
    <subfield code="0">0</subfield>
    <subfield code="1">0</subfield>
    <subfield code="2">ddc</subfield>
    <subfield code="4">0</subfield>
    <subfield code="7">0</subfield>
    <subfield code="8">NFIC</subfield>
    <subfield code="a">RUCL</subfield>
    <subfield code="b">RUCL</subfield>
    <subfield code="c">Stack</subfield>
    <subfield code="d">1996-09-17</subfield>
    <subfield code="e">Tulip Ent.</subfield>
    <subfield code="g">21.00</subfield>
    <subfield code="l">1</subfield>
    <subfield code="o">658.15 ANM 1995</subfield>
    <subfield code="r">2016-08-23 00:00:00</subfield>
    <subfield code="s">2016-08-10</subfield>
    <subfield code="t">C-2</subfield>
    <subfield code="w">2014-02-10</subfield>
    <subfield code="y">BK</subfield>
  </datafield>
</record>
